| 000 | 00360nam a22001451a 4500 | ||
|---|---|---|---|
| 082 |
_aM3 _bRSV/K |
||
| 100 |
_aR S Varmaji _9112635 |
||
| 245 |
_aKovilakam/ _cby R S Varmaji |
||
| 260 |
_bR S Varmaji, _c1979. _a |
||
| 300 | _a148p. | ||
| 650 |
_aNovel Malayalam _9112636 |
||
| 650 |
_aLiterature Malayalam _9112637 |
||
| 650 |
_aLiterature _9112638 |
||
| 942 | _cBK | ||
| 999 |
_c24531 _d24531 |
||